00276nam a2200121Ia 4500008004100000082001300041100002400054245002000078250001200098260002700110300000900137650000800146191201s2012 xx 000 0 und d a657bHOC aHORNGREN, Charles T 0aCost Accounting a5th IMP aN.Delhibpearsonc2012 a1018 aMBA